MARC

LEADER 00000nam0a2200000 4500
001 673652
005 20250423144419.0
090 |a 673652 
100 |a 20240710d1978 k||y0rusy50 ca 
101 0 |a rus 
102 |a RU 
105 |a a z 001yy 
181 0 |a i   |b  e  
182 0 |a n 
183 0 |a nc  |2 RDAcarrier 
200 1 |a Региональные схемы магматизма Алтае-Саянской области  |e сборник трудов  |f Всесоюзный научно-исследовательский геологический институт 
203 |a Текст  |b визуальный  |c непосредственный 
210 |a Ленинград  |d 1978 
215 |a 154 с.  |c ил. 
225 1 |a Труды Всесоюзного научно-исследовательского геологического института (ВСЕГЕИ). Новая серия  |v Т. 270 
283 |a volume  |2 RDAcarrier 
320 |a Список литературы в конце статей 
500 1 0 |a Труды Всесоюзного научно-исследовательского геологического института  |9 88882 
606 1 |a Магматизм  |9 60544 
610 1 |a Алтае-Саянская складчатая область 
610 1 |a магматические породы 
610 1 |a изученность 
610 1 |a расчленение 
610 1 |a интрузивные комплексы 
610 1 |a Западная Монголия 
610 1 |a редкометальные граниты 
610 1 |a Горный Алтай 
610 1 |a магматические образования 
610 1 |a Кузнецкий Алатау 
610 1 |a Восточный Саян 
675 |a 552.11  |v 4 
712 0 2 |a Всесоюзный научно-исследовательский геологический институт  |c (Ленинград)  |c (1939-1992)  |4 570  |9 25071 
801 0 |a RU  |b 63413507  |c 20240710 
830 |a Ретро2024Каталогизация Шило 
850 |a 63413507 
942 |c CR